000 00373pab a2200145 454500
008 180718b1989 xxu||||| |||| 00| 0 eng d
100 _aSarkar, A.N.
245 _aDevelopmental schemes for better nutrition and health care of rural women
260 _c1989
300 _a17-19,31
362 _aJun.-Jul.
650 _aWomen
773 _aSocial Welfare
909 _a20784
999 _c20784
_d20784